Statistics for Canadian Provinces and Territories by Cities (More Difficult)

Click here to take the quiz!

General Stats

  • This quiz has been taken 56 times
  • The average score is 11 of 13

Answer Stats

CitiesProvince or Territory% Correct
Chibougamau, Amos, Lebel-Sur-QuévillonQuebec
98%
Dryden, Kapuskasing, SudburyOntario
93%
Yorktown, Moose Jaw, SaskatoonSaskatchewan
91%
St. Paul, Hinton, BrooksAlberta
87%
Abbotsford, Penticton, NanaimoBritish Columbia
87%
Guysborough, Truro, LunenburgNova Scotia
85%
Rankin Inlet, Chesterfield Inlet, Repulse BayNunavut
85%
Norway House, Brandon, Lac du BonnetManitoba
83%
Gander, Stephenville, GlovertownNewfoundland and Labrador
83%
Shippigan, Chatham, DoaktownNew Brunswick
80%
Alberton, Souris, O'LearyPrince Edward Island
80%
Haines Junction, Teslin Crossing, KynocksYukon
80%
Reliance, Lutselk'e, EnterpriseNorthwest Territories
78%

Score Distribution

Percentile by Number Answered

Percent of People with Each Score

Your Score History

You have not taken this quiz